<?xml version="1.0" encoding="UTF-8"?>
<marc:record xmlns:marc="http://www.loc.gov/MARC21/slim">
   <marc:leader>00000nam a2200000 a 4500</marc:leader>
   <marc:datafield ind1="1" ind2=" " tag="100">
      <marc:subfield code="a">Schreiber, Johanna</marc:subfield>
      <marc:subfield code="4">aut</marc:subfield>
      <marc:subfield code="e">Verfasser/-in</marc:subfield>
   </marc:datafield>
   <marc:datafield ind1="0" ind2="0" tag="245">
      <marc:subfield code="a">Das Beste, was mir je passiert ist</marc:subfield>
   </marc:datafield>
   <marc:datafield ind1="0" ind2="0" tag="245">
      <marc:subfield code="b">Roman</marc:subfield>
   </marc:datafield>
   <marc:datafield ind1="0" ind2="0" tag="245">
      <marc:subfield code="c">Johanna Schreiber</marc:subfield>
   </marc:datafield>
   <marc:datafield ind1=" " ind2="1" tag="264">
      <marc:subfield code="a">Berlin</marc:subfield>
      <marc:subfield code="b">Insel Verlag</marc:subfield>
      <marc:subfield code="c">2020</marc:subfield>
   </marc:datafield>
   <marc:datafield ind1=" " ind2=" " tag="250">
      <marc:subfield code="a">1. Deutsche Erstausgabe</marc:subfield>
   </marc:datafield>
   <marc:datafield ind1="1" ind2=" " tag="520">
      <marc:subfield code="a">Angaben aus der Verlagsmeldung

Das Beste, was mir je passiert ist : Roman Det bästa som har hänt mig / von Johanna Schreiber

Den Krabbelkurs hat Ermina sich irgendwie anders vorgestellt: Alle Kinder dort scheinen perfekt, und die anderen Mütter selig vor Glück. Wie passt sie da rein, die zwar auch glücklich, aber manchmal ziemlich ratlos ist?
Freddie wollte eigentlich schon längst wieder etwas posten, schließlich warten ihre Follower darauf, dass sie ihr süßes Baby endlich in den sozialen Medien zeigt. Doch seit der Geburt ihres Sohnes will sie sich lieber verkriechen, was stimmt denn mit ihr nicht?
Sigrid wollte sich die Erziehung ja eigentlich mit ihrem Freund teilen, aber er arbeitet immer mehr und sie sitzt allein mit Baby zu Hause. Durch Zufall trifft sie in einem Café auf Freddie und Ermina – und von nun an gehen die drei Frauen gemeinsam durch den turbulenten Alltag mit Baby in der Großstadt.
In Das Beste, was mir je passiert ist räumt Johanna Schreiber mit den gängigen Klischees über junge Mütter auf – und zeigt mit einem leichten, frischen Blick auf Mutterschaft und Beziehungen, was die Kraft der Freundschaft bewirken kann.

</marc:subfield>
   </marc:datafield>
   <marc:datafield ind1=" " ind2=" " tag="020">
      <marc:subfield code="a">9783458681199</marc:subfield>
      <marc:subfield code="9">9783458681199</marc:subfield>
   </marc:datafield>
   <marc:datafield ind1=" " ind2=" " tag="020">
      <marc:subfield code="a">3458681191</marc:subfield>
      <marc:subfield code="9">3458681191</marc:subfield>
   </marc:datafield>
   <marc:datafield ind1=" " ind2=" " tag="041">
      <marc:subfield code="a">ger</marc:subfield>
   </marc:datafield>
   <marc:datafield ind1=" " ind2=" " tag="300">
      <marc:subfield code="a">445 Seiten</marc:subfield>
   </marc:datafield>
</marc:record>
